| 000 | 00360nam a2200133Ia 4500 | ||
|---|---|---|---|
| 008 | 220204s9999 xx 000 0 und d | ||
| 020 | _a8172762607 | ||
| 082 |
_a929A/Z _bIYE |
||
| 100 | _aIyer, R D | ||
| 245 | 0 | _aScientist and humanist : M S Swaminathan | |
| 260 |
_aMumbai _bBharatiya Vidya Bhavan _c2002 |
||
| 650 | _aBiodiversity conservation | ||
| 942 | _cBK | ||
| 999 |
_c42087 _d42087 |
||